Visualizzazione normale
Vista MARC
- Sciacchitano Giovanna, Verrini Benedetta
di Personal Name
Records bibliografici associati: 1
001 - CONTROL NUMBER
- control field: 57831
003 - CONTROL NUMBER IDENTIFIER
- control field:
005 - DATE AND TIME OF LATEST TRANSACTION
- control field: 20190506110540.0
008 - FIXED-LENGTH DATA ELEMENTS
- fixed length control field: 190506|| aca||aabn | a|a d
040 ## - CATALOGING SOURCE
- Original cataloging agency:
- Transcribing agency:
100 ## - HEADING--PERSONAL NAME
- Personal name: Sciacchitano Giovanna, Verrini Benedetta
670 ## - SOURCE DATA FOUND
- Source citation: Work cat.: (): Sciacchitano Giovanna, Verrini Benedetta, Emergenza cyberbullismo, 2016